| 000 | 00736nam a22002057a 4500 | ||
|---|---|---|---|
| 005 | 20141010043103.0 | ||
| 008 | 080523s2008 onca b i001 0 eng | ||
| 020 | _a9789280811551 | ||
| 024 | 0 | _ceng | |
| 080 | _a546.1 | ||
| 245 | 0 | 0 |
_aMaking choices about hydrogen : _cedited by Lynn K. Mytelka and Grant Boyle. |
| 250 | _a1 st.ed.; | ||
| 260 |
_aOttawa : _bInternational Development Research Centre ; _aTokyo ; _aNew York : _bUnited Nations University Press, _c2008. |
||
| 300 |
_a379 f. : _bme il.; _c23 cm. |
||
| 504 | _aIncludes bibliographical references and index f. 360-379 | ||
| 650 | 0 | _aHindrogjeni | |
| 700 | 1 | _aMytelka, Lynn Krieger. | |
| 700 | 1 | _aBoyle, Grant. | |
| 942 |
_2udc _cBK |
||
| 999 |
_c517 _d517 |
||